The fight for birth control ... (Record no. 91105)
[ view plain ]
| 000 -LEADER | |
|---|---|
| fixed length control field | 00815cam a22002532 4500 |
| 001 - CONTROL NUMBER | |
| control field | tmp96004491 |
| 003 - CONTROL NUMBER IDENTIFIER | |
| control field | DLC |
| 005 - DATE AND TIME OF LATEST TRANSACTION | |
| control field | 20260227112754.0 |
| 007 - PHYSICAL DESCRIPTION FIXED FIELD--GENERAL INFORMATION | |
| fixed length control field | cr ||||||||||| |
| 008 - FIXED-LENGTH DATA ELEMENTS--GENERAL INFORMATION | |
| fixed length control field | 830107q19001983nyu 000 0 eng |
| 010 ## - LIBRARY OF CONGRESS CONTROL NUMBER | |
| LC control number | tmp96004491 |
| 040 ## - CATALOGING SOURCE | |
| Original cataloging agency | DLC |
| Transcribing agency | CarP |
| Modifying agency | DLC |
| 050 00 - LIBRARY OF CONGRESS CALL NUMBER | |
| Classification number | HQ763 |
| Item number | .P3 no. 47 |
| 100 1# - MAIN ENTRY--PERSONAL NAME | |
| Personal name | Sanger, Margaret, |
| Dates associated with a name | 1879-1966. |
| 245 04 - TITLE STATEMENT | |
| Title | The fight for birth control ... |
| 246 36 - VARYING FORM OF TITLE | |
| Title proper/short title | Woman rebel |
| 260 ## - PUBLICATION, DISTRIBUTION, ETC. | |
| Place of publication, distribution, etc. | [New York, |
| Date of publication, distribution, etc. | 19--] |
| 300 ## - PHYSICAL DESCRIPTION | |
| Extent | [3] p. |
| Other physical details | cm. |
| 490 0# - SERIES STATEMENT | |
| Series statement | [Pamphlets on birth control ; |
| Volume/sequential designation | no. 47] |
| 500 ## - GENERAL NOTE | |
| General note | Caption title: "The woman rebel" and the fight for birth control. |
| 530 ## - ADDITIONAL PHYSICAL FORM AVAILABLE NOTE | |
| Additional physical form available note | Also available in digital form on the Library of Congress Web site. |
| 650 #0 - SUBJECT ADDED ENTRY--TOPICAL TERM | |
| Topical term or geographic name entry element | Birth control. |
| 856 41 - ELECTRONIC LOCATION AND ACCESS | |
| Path | rbcmisc |
| Electronic name | awh0004 |
| Uniform Resource Identifier | <a href="http://hdl.loc.gov/loc.rbc/rbcmisc.awh0004">http://hdl.loc.gov/loc.rbc/rbcmisc.awh0004</a> |
| Electronic format type | h |
No items available.